Arte y técnica en fotografía / (Record no. 62289)

MARC details
000 -LEADER
campo de control de longitud fija 00536nam a2200169 i 4500
001 - NÚMERO DE CONTROL
campo de control 62289
003 - IDENTIFICADOR DE NÚMERO DE CONTROL
campo de control ES-MaACL
005 - FECHA Y HORA DE LA ÚLTIMA TRANSACCIÓN
campo de control 20230906164636.0
007 - CAMPO FIJO DE DESCRIPCIÓN FÍSICA--INFORMACIÓN GENERAL
campo de control de longitud fija t|
008 - DATOS DE LONGITUD FIJA--INFORMACIÓN GENERAL
campo de control de longitud fija 031119s1969 sp ||||1| spa d
100 1# - ENTRADA PRINCIPAL--NOMBRE DE PERSONA
Nombre de persona Feininger, Andreas.
9 (RLIN) 49124
245 10 - MENCIÓN DEL TÍTULO
Título Arte y técnica en fotografía /
Mención de responsabilidad, etc. por Andreas Feininger ; traducción Fernando Ruiz Gabás.
260 ## - PUBLICACIÓN, DISTRIBUCIÓN, ETC.
Lugar de publicación, distribución, etc. Barcelona :
Nombre del editor, distribuidor, etc. Ed. Hispano Europea,
Fecha de publicación, distribución, etc. [1969]
300 ## - DESCRIPCIÓN FÍSICA
Extensión 360 p. :
Otras características físicas il. ;
Dimensiones 26 cm.
700 0# - ENTRADA AGREGADA--NOMBRE PERSONAL
Nombre de persona Ruiz Gabás, Fernando.
9 (RLIN) 100807
852 ## - LOCALIZACIÓN
Ubicación ES-MaACL
Número de control de estantería C-37385
Sublocalización o colección R.71289
Holdings
Estatus retirado Estado de pérdida Estado de daño No para préstamo Biblioteca de origen Biblioteca actual Ubicación en estantería Fecha de adquisición Fuente de adquisición Total de préstamos Signatura topográfica completa Código de barras Visto por última vez Precio de reemplazo Tipo de ítem Koha
        Biblioteca del Ateneo de Madrid Biblioteca del Ateneo de Madrid Depósito 2 17/01/2008     C-37385 1065302 23/02/2023 23/02/2023 Libro impreso